Distributed computing environments / Dan Cerutti; Donna Pierson (Registro nro. 11891)

Detalles MARC
000 -LÍDER
fixed length control field 00590nam a2200169 4500
008 - ELEMENTOS DE LONGITUD FIJA -- INFORMACIÓN GENERAL
fixed length control field 0 1993 0a 000 0USA
020 ## - NÚMERO INTERNACIONAL NORMALIZADO PARA LIBROS
ISBN 0-07-010516-2
050 ## - SIGNATURA TOPOGRAFICA DE LA BIBLIOTECA DEL CONGRESO (LC)
Número de Clasificación QA76 9 D5 C411
082 ## - NUMERO DE CLASIFICACION DECIMAL DEWEY
Número de Clasificación 001.642 C166d
100 ## - ASIENTO PRINCIPAL--NOMBRE PERSONAL
Nombre personal Cerutti, Dan.
245 ## - TÍTULO
Título Distributed computing environments / Dan Cerutti; Donna Pierson
260 ## - PUBLICACIÓN, DISTRIBUCIÓN, ETC. (PIE DE IMPRENTA)
Lugar de publicación, distribución, etc. United State of America : McGraw-Hill
300 ## - DESCRIPCIÓN FÍSICA
Extensión xviii, 398 p. / 23 cm.
500 ## - NOTA GENERAL
Nota general Incluye índice
650 ## - ASIENTO SECUNDARIO DE MATERIA - TERMINO TEMÁTICO
Término temático o nombre geográfico como elemento de entrada 1.PROCESAMIENTO ELECTRONICO DE DATOS-PROCESOS DISTRIBUIDOS-MANUALES \ 2.REDES DE COMPUTADORAS
700 ## - ASIENTO SECUNDARIO - NOMBRE PERSONAL
Nombre personal Pierson, Donna, Coedit.
Existencias
No. biblioteca No. biblioteca Número de clasificación Código de barras/Número de adquisición Número de copia Tipo de material
LUIS G. INCLAN LUIS G. INCLAN 001.642 C166d 20437 4 Libros
LUIS G. INCLAN LUIS G. INCLAN 001.642 C166d 20438 5 Libros
Calzada Tecnológico # 27, Zacatepec, Morelos.
01(734) 343-07-23 / 343-21-10 / 343-21-11
Apdo. Postal 45 C.P 62780